00278nam a2200121Ia 4500008004100000100001800041245003400059260002100093300000800114650001000122942000700132999001700139190216s9999||||xx |||||||||||||| ||und|| aUparaj Saxena 0aHindi-Bisvaski Rajath Sipiyam bPravar Prakashan a104 aHindi cBK c16299d16299